书目信息 |
| 题名: |
写给自闭症儿童父母的101条小贴士
|
|
| 作者: | 西丽 著 ;王庭照 译 | |
| 分册: | 男孩篇 | |
| 出版信息: | 上海 华东师范大学出版社 2019.10 |
|
| 页数: | 201页 | |
| 开本: | 21cm | |
| 丛书名: | ||
| 单 册: | ||
| 中图分类: | G766 | |
| 科图分类: | ||
| 主题词: | 孤独症--儿童教育--特殊教育 | |
| 电子资源: | ||
| ISBN: | 978-7-5675-9320-6 | |
| 000 | 01527nam0 2200277 450 | |
| 001 | 0103152655 | |
| 005 | 20201103152732.0 | |
| 010 | @a978-7-5675-9320-6@dCNY32.00 | |
| 100 | @a20200408d2019 em y0chiy50 ea | |
| 101 | 1 | @achi@ceng |
| 102 | @aCN@b310000 | |
| 105 | @ay z 000yy | |
| 106 | @ar | |
| 200 | 1 | @a写给自闭症儿童父母的101条小贴士@Axie gei zi bi zheng er tong fu mu de 101 tiao xiao tie shi@i男孩篇@d101 tips for the parents of boys with autism@f(美)Ken Siri著@g王庭照译@zeng |
| 210 | @a上海@c华东师范大学出版社@d2019.10 | |
| 215 | @a201页@d21cm | |
| 300 | @a华东师范大学出版社教育与心理分社自闭症系列图书 | |
| 312 | @a版权页英文题名:101 tips for the parents of boys with autism: the most crucial things you need to know about diagnosis, doctors, schools, taxes, vaccinations, babysitters, treatment, food, self-care, and more | |
| 330 | @a本书不仅涉猎了诸如营养饮食、生物医学、教育安置、诊断评估等特殊需要儿童发展的关键性领域和问题,还对自闭症儿童的自我安全、青春期、日常生活看护等相关问题进行了细致阐述,与读者分享如何进行家庭财务及作为自闭症儿童家长的自我发展管理。 | |
| 510 | 1 | @a101 tips for the parents of boys with autism: the most crucial things you need to know about diagnosis, doctors, schools, taxes, vaccinations, babysitters, treatment, food, self-care, and more@zeng |
| 606 | 0 | @a孤独症@x儿童教育@x特殊教育 |
| 690 | @aG766@v5 | |
| 701 | 1 | @c(美)@a西丽@Axi li@gSiri, Ken@4著 |
| 702 | 0 | @a王庭照@Awang ting zhao@4译 |
| 801 | 0 | @aCN@bBJSZM@c20201103 |
| 905 | @b1257161-5@dG766@e151@f5 | |
| 写给自闭症儿童父母的101条小贴士.男孩篇=101 tips for the parents of boys with autism/(美)Ken Siri著/王庭照译.-上海:华东师范大学出版社,2019.10 |
| 201页;21cm |
| 华东师范大学出版社教育与心理分社自闭症系列图书 |
| ISBN 978-7-5675-9320-6:CNY32.00 |
| 本书不仅涉猎了诸如营养饮食、生物医学、教育安置、诊断评估等特殊需要儿童发展的关键性领域和问题,还对自闭症儿童的自我安全、青春期、日常生活看护等相关问题进行了细致阐述,与读者分享如何进行家庭财务及作为自闭症儿童家长的自我发展管理。 |
| ● |
| 相关链接 |
|
|
|
|
正题名:写给自闭症儿童父母的101条小贴士
索取号:G766/151
 
预约/预借
| 序号 | 登录号 | 条形码 | 馆藏地/架位号 | 状态 | 备注 |
| 1 | 1257161 | 212571616 | 第一样本阅览室/ [索取号:G766/151] | 在馆 | |
| 2 | 1257162 | 212571625 | 教育系资料室/ [索取号:G766/151] | 在馆 | |
| 3 | 1257163 | 212571634 | 教育系资料室/ [索取号:G766/151] | 在馆 | |
| 4 | 1257164 | 212571643 | 第四借阅区/ [索取号:G766/151] | 在馆 | |
| 5 | 1257165 | 212571652 | 第四借阅区/ [索取号:G766/151] | 在馆 |